| 000 -CABECERA |
| Longitud fija campo de control |
01055cam a22002417c 4500 |
| 003 - IDENTIFICADOR DEL NÚMERO DE CONTROL |
| Identificador del número de control |
OSt |
| 005 - FECHA Y HORA DE LA ÚLTIMA TRANSACCIÓN |
| Fecha y hora de la última transacción |
20170413115533.0 |
| 008 - CÓDIGOS DE INFORMACIÓN DE LONGITUD FIJA |
| Códigos de información de longitud fija |
170413s2011 sp | ||||o000 0 spa d |
| 017 ## - NÚMERO DE COPYRIGHT O DE DEPÓSITO LEGAL |
| Número de copyright o de depósito legal |
M 8230-2011 |
| Agencia que asigna el número |
Oficina Depósito Legal Madrid |
| 040 ## - FUENTE DE LA CATALOGACIÓN |
| Centro transcriptor |
CDMR |
| 245 00 - MENCIÓN DE TÍTULO |
| Título |
Menores en los medios de comunicación |
| Medio |
[Text impres] |
| Mención de responsabilidad, etc. |
[organitza], Defensor del Menor en la Comunidad de Madrid, Consejo General de la Abogacía Española, APM, Asociación de la Prensa de Madrid |
| 246 0# - VARIANTES DE TÍTULO |
| Texto de visualización |
Subtítol de la coberta |
| Título propio / Título en breve |
Información responsable o espectáculo |
| 250 ## - MENCIÓN DE EDICIÓN |
| Mención de edición |
1ª ed. |
| 260 ## - PUBLICACIÓN, DISTRIBUCIÓN, ETC. (PIE DE IMPRENTA) |
| Lugar de publicación, distribución, etc. |
[Madrid] |
| Nombre del editor, distribuidor, etc. |
Defensor del Menor en la Comunidad de Madrid [etc.] |
| Fecha de publicación, distribución, etc. |
2011 |
| 300 ## - DESCRIPCIÓN FÍSICA |
| Extensión |
86 p. |
| Dimensiones |
22 cm |
| 650 04 - PUNTO DE ACCESO ADICIONAL DE MATERIA - TÉRMINO DE MATERIA |
| Término de materia o nombre geográfico como elemento inicial |
Dret a la intimitat |
| Subdivisión geográfica |
Espanya |
| 9 (RLIN) |
709 |
| 650 #4 - PUNTO DE ACCESO ADICIONAL DE MATERIA - TÉRMINO DE MATERIA |
| Término de materia o nombre geográfico como elemento inicial |
Niños |
| Subdivisión de materia general |
En los medios de comunicación social |
| 650 04 - PUNTO DE ACCESO ADICIONAL DE MATERIA - TÉRMINO DE MATERIA |
| Término de materia o nombre geográfico como elemento inicial |
Mitjans de comunicació social |
| Subdivisión de materia general |
Aspectes morals |
| 9 (RLIN) |
3082 |
| 710 1# - PUNTO DE ACCESO ADICIONAL - NOMBRE DE ENTIDAD |
| Nombre de entidad o nombre de jurisdicción como elemento inicial |
Madrid (Comunidad Autónoma) |
| Unidad subordinada |
Oficina del Defensor del Menor |
| 710 2# - PUNTO DE ACCESO ADICIONAL - NOMBRE DE ENTIDAD |
| Nombre de entidad o nombre de jurisdicción como elemento inicial |
Consejo General de la Abogacía Española |
| 710 2# - PUNTO DE ACCESO ADICIONAL - NOMBRE DE ENTIDAD |
| Nombre de entidad o nombre de jurisdicción como elemento inicial |
Asociación de la Prensa de Madrid |
| 9 (RLIN) |
87 |
| 942 ## - ENTRADA DE ELEMENTOS AGREGADOS (KOHA) |
| Koha [por defecto] tipo de item |
Monografies |